Gaming Quiz

Random Gaming Quiz
Score 0/71 Timer 15:00
0 Plays Today
Hint Answer % Correct
Sun Flower
100%
Peashooter
85.7%
Wall Nut
85.7%
Potato Mine
71.4%
Basic Zombie
42.9%
Conehead Zombie
42.9%
Buckethead Zombie
42.9%
Flag Zombie
42.9%
Imp
42.9%
Gargantuar
42.9%
Vace Gargantuar
14.3%
Players Houce
0%
Cabbage Pult
0%
Bonk Choy
0%
Twin Sunflower
0%
Repeater
0%
Gargantuar Mummy
0%
Mummy Imp
0%
Sphinx Inator
0%
Coconut Cannon
0%
Cherry Bomb
0%
Gargantuar Pirate
0%
Pirate Imp
0%
Plank Walker
0%
Melon Pult
0%
Lightning Reed
0%
Gargantuar Cowboy
0%
Cowboy Imp
0%
War Wagon
0%
Lazer Bean
0%
Blover
0%
Cirton
0%
E.M Peach
0%
Infi Nut
0%
Magnifying Grass
0%
Tile Turnip
0%
Hint Answer % Correct
Future Zombie
0%
Future Conehead
0%
Future Buckethead
0%
Flagged Future Zombie
0%
Jetpack Zombie
0%
Sheild Zombie
0%
Bug Bot Imp
0%
Robo Cone Zombie
0%
Disco Tron 3,000
0%
Dico Jetpack Zombie
0%
Mega Football Zombie
0%
Gargantuar Prime
0%
Tommorow-Tron
0%
Far Future
0%
Sun Shroom
0%
Puff Shroom
0%
Fume Shroom
0%
Sun Bean
0%
Magnet Shroom
0%
Peasent Zombie
0%
Peasent Conehead
0%
Peasent Buckethead
0%
Flagged Peasent Zombie
0%
Knight Zombie
0%
Imp Munck Zombie
0%
Jester Zombie
0%
Wizzard Zombie
0%
Announcer Imp
0%
Imp Dragon
0%
Zombie King
0%
Gargantuar Knight
0%
Dark Dragon
0%
Dark Ages
0%
Crazy Daves Hot Sauce
0%
Crazy Daves Taco
0%
Remove Ads.
Support Sporcle.
Get the best of Sporcle when you Go Orange. This ad-free experience offers more features, more stats, and more fun while also helping to support Sporcle. Thank you for becoming a member.

You're not logged in!

Compare scores with friends on all Sporcle quizzes.
OR
Log In

Sporcle TV

Today on Sporcle TV


Watch our educational content, quiz creation guides, and fun videos on Sporcle TV.

Show Comments

Extras

Created Feb 3, 2016ReportNominate
Tags:Age, dark, far, future

Top Quizzes Today


Score Distribution

Paid Content

Your Account Isn't Verified!

In order to create a playlist on Sporcle, you need to verify the email address you used during registration. Go to your Sporcle Settings to finish the process.

Report this User

Report this user for behavior that violates our Community Guidelines.

Details: